[Event "Veteranos Aragón 2015"]
[Site ""]
[Date "2015.05.16"]
[Round "5.9"]
[White "Latorre Bueno Francisco"]
[Black "Navarro Castan Jesús"]
[Result "0-1"]
[WhiteElo "1548"]
[BlackElo "1862"]

1.d4 Nf6 2.e3 b6 3.Nf3 Bb7 4.Be2 e6 5.a3 d5 6.O-O Bd6 7.Nbd2 O-O 8.Bd3 Nbd7 9.
c3 c5 10.Qc2 Rc8 11.Qb1 Bb8 12.e4 dxe4 13.Nxe4 Nxe4 14.Bxe4 Bxe4 15.Qxe4 Nf6
16.Qh4 cxd4 17.Nxd4 h6 18.Be3 Nd5 19.Qe4 Qd6 20.Nf3 f5 21.Qd3 Rcd8 22.Qe2 Qe7
23.Bd4 Rfe8 24.Be5 Qf7 25.Bxb8 Rxb8 26.Ne5 Qb7 27.Qf3 Qc7 28.Rfe1 Nf6 29.Rad1
Ne4 30.Nd3 Rbd8 31.Qe2 e5 32.f3 Nf6 33.Qc2 e4 34.fxe4 Nxe4 35.Rf1 Qc8 36.Rf3
Rd5 37.Rdf1 Red8 38.Qb3 Kh7 39.Qc2 Qc4 40.Rd1 Nc5 41.Rf4 Qxf4 42.Nxf4 Rxd1+
0-1

[Event "Veteranos Aragón 2015"]
[Site ""]
[Date "2015.05.16"]
[Round "5.10"]
[White "Yañez Acin Gonzalo"]
[Black "Ubeda Gimeno Angel"]
[Result "1/2-1/2"]
[WhiteElo "1737"]
[BlackElo "1512"]

1.e4 c5 2.Nf3 d6 3.d4 cxd4 4.Nxd4 Nf6 5.Nc3 a6 6.Bc4 e6 7.O-O Be7 8.Bd3 O-O 9.
Be3 Nbd7 10.Nb3 b5 11.a3 Bb7 12.f3 1/2-1/2

[Event "Veteranos Aragón 2015"]
[Site ""]
[Date "2015.05.16"]
[Round "5.11"]
[White "Cervera Soler Ramón"]
[Black "Cortés Sobrevilla Cecilio"]
[Result "0-1"]
[WhiteElo "1498"]
[BlackElo "1678"]

1.c4 d6 2.g3 e5 3.b3 Nf6 4.Bg2 Be7 5.Bb2 Nbd7 6.d4 c6 7.dxe5 dxe5 8.Nc3 Bb4 9.
e3 Qe7 10.a3 Ba5 11.b4 Bc7 12.Nf3 h6 13.O-O O-O 14.Qc2 Nh7 15.Nh4 Re8 16.Nf5
Qe6 17.c5 Ndf6 18.Bh3 Qc4 19.e4 Ng5 20.Ne3 Nxh3+ 21.Kg2 Qe6 22.Nf5 Ng5 23.h4
Ngh7 24.Qd2 Kf8 25.g4 Nxg4 26.f3 Rd8 27.Qe1 Ngf6 28.Qg3 Nh5 29.Qg4 N7f6 30.
Nxg7 Qb3 0-1

[Event "Veteranos Aragón 2015"]
[Site ""]
[Date "2015.05.16"]
[Round "5.12"]
[White "Burillo Lázaro Amelia"]
[Black "Requena Briones Rafael"]
[Result "1/2-1/2"]
[WhiteElo "1474"]
[BlackElo "1666"]

1.d4 Nf6 2.Nf3 d5 3.e3 g6 4.Bd3 Bg7 5.O-O O-O 6.c4 c6 7.b3 Bg4 8.Nbd2 Nbd7 9.
h3 e5 10.Be2 Bxf3 11.Nxf3 e4 12.Ne5 Nxe5 13.dxe5 Nd7 14.cxd5 Nxe5 15.Rb1 cxd5
16.Bb2 Qg5 17.Kh1 Rad8 18.Bd4 b6 19.Rc1 Nd3 20.Bxd3 Bxd4 21.exd4 exd3 22.Qxd3
Rd7 23.Qe3 Qf6 24.Qe5 Qxe5 25.dxe5 Rfd8 26.f4 d4 27.Rfd1 d3 28.Rd2 Rd4 29.g3
Re4 30.Rcd1 Re3 31.Kg2 Rd4 32.Kf2 Rde4 33.Rxd3 Re2+ 34.Kf3 Kg7 35.R1d2 R4e3+
36.Rxe3 Rxd2 37.a4 a5 38.g4 Rd7 39.Ke4 b5 40.g5 bxa4 41.bxa4 Rb7 42.Kd5 Rb4
43.Re4 Rb3 44.h4 h5 45.e6 fxe6+ 46.Kxe6 Rb6+ 47.Kd5 Rb7 48.Kc5 Kf7 49.Kd6 Rb4
50.Kd5 1/2-1/2

[Event "Veteranos Aragón 2015"]
[Site ""]
[Date "2015.05.16"]
[Round "5.14"]
[White "Arteaga Jimenez Francisco"]
[Black "Lapuente Mercadal José Manuel"]
[Result "1-0"]
[WhiteElo "1572"]
[BlackElo "1543"]

1.d4 d5 2.c4 Nf6 3.Nc3 Bf5 4.e3 e6 5.Nf3 c5 6.cxd5 Nxd5 7.Be2 Nb4 8.e4 Bg6 9.
a3 cxd4 10.Nxd4 N4c6 11.Be3 Nd7 12.Nxc6 bxc6 13.O-O Be7 14.f4 f5 15.e5 O-O 16.
Bf3 Qc7 17.b4 Rad8 18.Qb3 Bf7 19.Rfd1 Nxe5 20.fxe5 Qxe5 21.Bf2 Bd6 22.Rxd6
Rxd6 23.Bc5 Rfd8 24.Bxd6 Rxd6 25.Rd1 g6 26.Ne2 Rxd1+ 27.Qxd1 Qe3+ 28.Kf1 e5
29.Bxc6 Bc4 30.Bd5+ Bxd5 31.Qxd5+ Kg7 32.Qd7+ Kh6 33.a4 Qb3 34.Qxa7 e4 35.Kf2
Qxb4 36.Qd4 Qa5 37.Nc3 Qa6 38.Nb5 Qc6 39.Qd2+ Kg7 40.Qc3+ 1-0

[Event "Veteranos Aragón 2015"]
[Site ""]
[Date "2015.05.16"]
[Round "5.15"]
[White "Miranda Cuartero Juan Carlos"]
[Black "Lera Perez José Carlos"]
[Result "0-1"]
[WhiteElo "1653"]
[BlackElo "1624"]

1.e4 e6 2.d4 d5 3.Nc3 Nf6 4.e5 Nfd7 5.Nf3 c5 6.a3 Nc6 7.dxc5 Bxc5 8.b4 Be7 9.
Bf4 Qc7 10.Nb5 Qb6 11.c4 dxc4 12.Bxc4 O-O 13.Nd6 Rd8 14.Qc2 Ndxe5 15.Be3 Nxf3+
16.gxf3 Qc7 17.Nb5 Qe5 18.Ke2 a6 19.f4 Qh5+ 20.Ke1 axb5 21.Be2 Qh4 22.Bd3 Nxb4
23.axb4 Rxa1+ 24.Ke2 Qg4+ 25.f3 Qg2+ 26.Bf2 Rxh1 27.Bxh7+ Kh8 28.Be4 Rxh2 29.
Ke3 Bxb4 30.Qc7 Bc5+ 0-1

[Event "Veteranos Aragón 2015"]
[Site ""]
[Date "2015.05.16"]
[Round "5.16"]
[White "Sanz Navarro Alberto"]
[Black "Requeno Otin Juan José"]
[Result "1-0"]
[WhiteElo "1576"]
[BlackElo "1446"]

1.e4 e5 2.f4 d5 3.d4 exf4 4.Bxf4 dxe4 5.Bc4 Bd6 6.Qd2 Nf6 7.Ne2 O-O 8.Bg5 Be7
9.Nbc3 c6 10.O-O h6 11.Bxf6 Bxf6 12.Nxe4 Be6 13.Nxf6+ gxf6 14.Bxe6 fxe6 15.
Qxh6 Rf7 16.Rf4 Qe7 17.Raf1 Nd7 18.R1f3 e5 19.Rh4 Rh7 20.Rg3+ Kh8 21.Qxh7+
Qxh7 22.Rxh7+ Kxh7 23.Rb3 Rb8 24.dxe5 Nxe5 25.h3 a5 26.Nf4 b5 27.Rg3 Rf8 28.
Kf2 Rd8 29.Nh5 Rd2+ 30.Ke3 Nc4+ 31.Ke4 Nxb2 32.Nxf6+ Kh6 33.Ng4+ Kg6 34.Ne5+
Kf6 35.Nxc6 Rxc2 36.Nxa5 Na4 37.a3 Nc5+ 38.Kd5 Nd7 39.Rf3+ Kg5 40.g4 Nf6+ 41.
Ke6 Ne4 42.Rf5+ Kh4 43.Rh5+ Kg3 44.g5 Rc3 45.g6 Nc5+ 46.Rxc5 1-0

[Event "Veteranos Aragón 2015"]
[Site ""]
[Date "2015.05.16"]
[Round "5.17"]
[White "Lopez Carcas Jesús"]
[Black "Figuer Montero Fernando"]
[Result "1-0"]
[WhiteElo "1430"]
[BlackElo "1845"]

1.e4 e5 2.Nf3 Nc6 3.Bb5 d6 4.d4 Bd7 5.d5 Nce7 6.Bxd7+ Qxd7 7.O-O h6 8.c4 b6 9.
Nc3 Ng6 10.h3 Be7 11.Nh2 Nf6 12.f4 exf4 13.Bxf4 O-O 14.Qe2 Rae8 15.Rae1 Nh7
16.Qg4 Qxg4 17.Nxg4 a6 18.Bg3 f6 19.Ne2 Ne5 20.Ne3 Ng5 21.Nc3 Nd3 22.Re2 Rf7
23.Rd2 Nc5 24.Rd4 Bd8 25.Rf4 Rfe7 26.Nf5 Rf7 27.b4 Nd7 28.h4 Nh7 29.c5 bxc5
30.bxc5 Nxc5 31.Na4 Nd7 32.Rg4 Ne5 33.Bxe5 fxe5 34.Rb4 Nf6 35.Nxh6+ Kf8 36.
Nxf7 Nxg4 37.Nxd8 Rxd8 38.Rb7 Rc8 39.Nb2 Nf6 40.Rb4 Nd7 41.Nd3 Rb8 42.Kf2 Kf7
43.a4 a5 44.Rxb8 Nxb8 45.Nb2 Na6 46.Nc4 Nc5 47.Ke3 Nxa4 48.Nxa5 Kf6 49.g4 Nc5
50.Nc6 Nd7 51.Nd8 Nf8 52.Kf3 Ng6 53.Kg3 Nf8 54.g5+ Ke7 55.Nc6+ Kf7 56.Kg4 g6
57.h5 gxh5+ 58.Kxh5 Ng6 59.Nd8+ Ke7 60.Kxg6 Kxd8 61.Kf7 1-0

[Event "Veteranos Aragón 2015"]
[Site ""]
[Date "2015.05.16"]
[Round "5.18"]
[White "Ferruz Martinez Rafael"]
[Black "Fuster Aparicio Miguel"]
[Result "1-0"]
[WhiteElo "1323"]
[BlackElo "1500"]

1.e4 e6 2.Nf3 Nf6 3.Nc3 b6 4.d4 Bb7 5.Bd3 Nc6 6.Bg5 Be7 7.Qd2 Nb4 8.O-O-O a5
9.Rhe1 d6 10.a3 Nc6 11.h3 h6 12.Be3 Ba6 13.Ng1 Bxd3 14.Qxd3 Qd7 15.f4 Nh5 16.
d5 exd5 17.exd5 Nd8 18.g4 Nf6 19.f5 O-O 20.Nf3 Nb7 21.g5 Nc5 22.Qb5 Rfd8 23.
Qxd7 Rxd7 24.gxf6 Bxf6 25.Bd4 Bxd4 26.Nxd4 a4 27.Rg1 Re7 28.h4 Re3 29.Ndb5 Rc8
30.Na7 Rce8 31.Ncb5 R8e7 32.Nc6 Rd7 33.Rge1 Rh3 34.Re8+ Kh7 35.Nb8 Rxh4 36.
Nxd7 Nxd7 37.Re7 Ne5 38.Nxc7 f6 39.Ne8 Rg4 1-0

[Event "Veteranos Aragón 2015"]
[Site ""]
[Date "2015.05.16"]
[Round "5.19"]
[White "Pinilla Alvarez José Carlos"]
[Black "Patap Ivan"]
[Result "0-1"]
[WhiteElo "1187"]
[BlackElo "1500"]

1.Nf3 d5 2.b3 Nc6 3.Bb2 d4 4.g3 e5 5.Bg2 Be7 6.O-O Nh6 7.d3 O-O 8.Ba3 Nf5 9.
Bxe7 Qxe7 10.Nbd2 Nd8 11.Nc4 f6 12.a4 a5 13.Qd2 b6 14.Nfxe5 Rb8 15.Nc6 Nxc6
16.Bxc6 Qe6 17.Be4 Nh6 18.Bf3 Qh3 19.Bd5+ Kh8 20.Bg2 Qh5 21.Bf3 Bg4 22.Qf4 g5
23.Qe4 Rbe8 24.Bxg4 Nxg4 25.Qh1 Rxe2 26.Rac1 f5 27.c3 dxc3 28.Rxc3 f4 29.d4
Nf6 30.Ne5 Ne4 31.g4 Qh4 32.Rf3 Nd2 33.Qg2 Nxf3+ 34.Nxf3 Qh6 35.Rc1 Qg7 36.Qh3
Re7 37.Ne5 c5 38.Nf3 cxd4 39.Rc6 d3 40.Qh5 Qa1+ 41.Kg2 d2 42.Rg6 d1=Q 43.Nxg5
Qh1+ 44.Kh3 Qaf1+ 45.Kh4 Qxf2+ 0-1

[Event "Veteranos Aragón 2015"]
[Site ""]
[Date "2015.05.16"]
[Round "5.20"]
[White "Franco Tejero Luis"]
[Black "Perez Sirera José Maria"]
[Result "0-1"]
[WhiteElo "1500"]
[BlackElo "1563"]

1.f4 d5 2.e3 Nf6 3.Nf3 e6 4.d4 Bd6 5.Bd3 b6 6.Nc3 Bb7 7.Bd2 O-O 8.Qe2 Re8 9.h3
a6 10.a3 Nbd7 11.Qf2 Be7 12.Ne5 Ne4 13.Bxe4 dxe4 14.Ne2 Nf6 15.O-O Nh5 16.Kh1
Bh4 17.Qg1 a5 18.Be1 Be7 19.Ng3 Nf6 20.f5 Bd6 21.Qf2 Bc8 22.Qe2 c5 23.c3 cxd4
24.exd4 Ba6 25.c4 Qc7 26.Qe3 Bb7 27.Bc3 Nd7 28.Nh5 Nxe5 29.dxe5 Bxe5 30.f6 Qc5
31.Qg5 Bxf6 32.Bxf6 Qxg5 33.Bxg5 Rac8 34.Rac1 Rc5 35.Nf6+ gxf6 36.Bxf6 h6 37.
Rf4 Kh7 38.Kh2 Kg6 39.b3 Rf5 40.Rcf1 Kxf6 41.g4 Rxf4 42.Rxf4+ Kg6 43.Kg3 f5
44.Kf2 Kg5 45.Ke3 Rd8 46.h4+ Kf6 47.g5+ hxg5 48.hxg5+ Kxg5 49.Rf1 Rd3+ 50.Ke2
Rxb3 51.Rd1 Ba6 52.Rd6 Bxc4+ 53.Kd2 Rd3+ 0-1

[Event "Veteranos Aragón 2015"]
[Site ""]
[Date "2015.05.16"]
[Round "5.21"]
[White "Otal Bornau José Miguel"]
[Black "Pascual Maisterra José Luis"]
[Result "1-0"]
[WhiteElo "1552"]
[BlackElo "1501"]

1.e4 e5 2.Nf3 Nc6 3.Bb5 Nf6 4.d3 a6 5.Ba4 Bb4+ 6.c3 Bd6 7.Be3 b5 8.Bb3 O-O 9.
Nbd2 Ng4 10.Nf1 Na5 11.Bc2 c6 12.Bd2 Bc5 13.d4 Bb6 14.Ng3 d5 15.O-O Qe7 16.Re1
exd4 17.exd5 Qd8 18.cxd4 cxd5 19.h3 Nf6 20.Bg5 Nc6 21.a3 Ba5 22.b4 Bb6 23.Qd3
g6 24.Rac1 a5 25.Qxb5 Bd7 26.Bxf6 Qb8 27.Qxd5 Qc8 28.Qg5 Nxd4 29.Qh6 Nf5 30.
Nxf5 Bxf5 31.Qg7# 1-0

[Event "Veteranos Aragón 2015"]
[Site ""]
[Date "2015.05.23"]
[Round "6.1"]
[White "Roche Simón Manuel Angel"]
[Black "Marín Fuertes Angel Maria"]
[Result "1-0"]
[WhiteElo "2144"]
[BlackElo "1838"]

1.e4 c5 2.Nf3 e6 3.d4 cxd4 4.Nxd4 a6 5.Bd3 Qc7 6.c4 Nf6 7.Qe2 d6 8.Nc3 Be7 9.
h3 Nc6 10.Be3 O-O 11.O-O Bd7 12.Rac1 Ne5 13.f4 Nxd3 14.Qxd3 e5 15.Nde2 Qa5 16.
c5 dxc5 17.fxe5 c4 18.Qd4 Be6 19.exf6 Bxf6 20.Rxf6 gxf6 21.Qxf6 Qh5 22.Bd4 1-0

[Event "Veteranos Aragón 2015"]
[Site ""]
[Date "2015.05.23"]
[Round "6.2"]
[White "González Felez José Julián"]
[Black "Palomar Ramón Santiago"]
[Result "1/2-1/2"]
[WhiteElo "1945"]
[BlackElo "1952"]

1.c4 e6 2.Nf3 d5 3.b3 Nf6 4.g3 Nbd7 5.Bb2 Bd6 6.cxd5 exd5 7.Bg2 c6 8.d3 O-O 9.
O-O Re8 10.Nbd2 Bc7 11.e3 Ne5 12.Qc2 Bf5 13.Nxe5 Bxe5 14.Bxe5 Rxe5 15.Nf3 Re7
16.Rfe1 Qb6 17.Rac1 Nd7 18.Qc3 Rae8 19.h3 Ne5 20.Nd4 Bd7 21.b4 h6 22.a4 a6 23.
a5 Qa7 24.Qc5 Qb8 25.Bf1 Ng6 26.Kh2 Nh4 27.Be2 Rxe3 28.fxe3 Rxe3 29.Rg1 Nf5
30.Bf3 Nxd4 31.Qxd4 Rxf3 32.Rcf1 Rxf1 33.Rxf1 Be6 34.Re1 Qc7 35.h4 Qd7 36.Qc5
Qd8 37.Rf1 Qd7 38.Re1 Qd8 39.Qd4 Qd7 40.Kg1 Qd8 41.Kf2 Qd7 42.Ke3 Qd8 43.Kd2
Qc7 44.Re3 Qd7 45.Rf3 Qd8 46.Kc3 Qd7 47.Re3 Qd8 48.Qc5 Kh7 49.Kd4 Qf6+ 50.Re5
Qf2+ 51.Re3 Qf6+ 1/2-1/2

[Event "Veteranos Aragón 2015"]
[Site ""]
[Date "2015.05.23"]
[Round "6.3"]
[White "Vasilev Vas"]
[Black "Royo Onde Manuel"]
[Result "1/2-1/2"]
[WhiteElo "1943"]
[BlackElo "1817"]

1.d4 d5 2.Nf3 e6 3.Bg5 Nf6 4.Nbd2 Be7 5.e3 h6 6.Bh4 O-O 7.Bd3 b6 8.Ne5 Bb7 9.
Bxf6 Bxf6 10.Qh5 Bxe5 11.dxe5 Qg5 12.Qxg5 hxg5 13.h4 g4 14.f4 gxf3 15.gxf3 Nd7
16.f4 f6 17.exf6 Rxf6 18.O-O-O e5 19.Rhg1 exf4 20.exf4 Rxf4 21.Rg5 Nc5 22.Rdg1
Nxd3+ 23.cxd3 Rf7 24.Nf1 Raf8 25.Ng3 Rf2 1/2-1/2

[Event "Veteranos Aragón 2015"]
[Site ""]
[Date "2015.05.23"]
[Round "6.4"]
[White "García Estruch Jorge"]
[Black "Lorente Latorre Antonio"]
[Result "1-0"]
[WhiteElo "1819"]
[BlackElo "1627"]

1.e4 e5 2.Nf3 Nc6 3.Bc4 Bc5 4.b4 Bxb4 5.c3 Bc5 6.d4 exd4 7.O-O dxc3 8.Bxf7+
Kf8 9.Bb3 d6 10.Qd5 Qe8 11.Nxc3 Nf6 12.Qd1 Bg4 13.Ba4 Qh5 14.Bxc6 bxc6 15.Qd3
Bxf3 16.gxf3 Re8 17.Ne2 Qe5 18.Bf4 Qh5 19.Ng3 Qg6 20.Kh1 Nh5 21.Bd2 Nxg3+ 22.
fxg3 Qe6 23.Bc3 Rg8 24.Qc2 Ke7 25.Rab1 Qh3 26.Rfe1 Kd7 27.Qd3 Re6 28.f4 Rh6
29.Rb2 Rb8 30.Rbe2 Bb4 31.Bxb4 Rxb4 32.Qc3 c5 33.Qxg7+ Kc6 34.Qc3 Rxe4 35.Qf3
d5 36.Qf2 Rxe2 37.Qxe2 Qh5 38.g4 Qh3 39.g5 Rh4 40.Qe8+ Kd6 41.Qe7+ Kc6 42.Qf6+
Kb5 43.Rb1+ Kc4 44.Qa6+ Kd4 45.Qf6+ Kc4 46.Rc1+ Kb5 47.a4+ Ka5 48.Rxc5+ Kxa4
49.Qd4+ 1-0

[Event "Veteranos Aragón 2015"]
[Site ""]
[Date "2015.05.23"]
[Round "6.5"]
[White "Orti Stock Carlos"]
[Black "Ocabo Vera Pedro Aristides"]
[Result "0-1"]
[WhiteElo "1925"]
[BlackElo "1777"]

1.b3 e5 2.Bb2 Nc6 3.e3 d6 4.c4 Nh6 5.g3 g6 6.Bg2 Bd7 7.Ne2 Bg7 8.Nbc3 O-O 9.
O-O Rb8 10.a3 Ne7 11.d4 f6 12.b4 Qc8 13.Rc1 Bh3 14.c5 Bxg2 15.Kxg2 Qd7 16.cxd6
cxd6 17.Qb3+ Kh8 18.Rfd1 Nf7 19.Ng1 Ng5 20.Qc2 Rbc8 21.Qd3 Nf7 22.dxe5 fxe5
23.Nb5 Rxc1 24.Rxc1 Nc6 25.Rd1 Rd8 26.Nc3 Ne7 27.Nd5 Qc6 28.e4 Nxd5 29.Qxd5
Qxd5 30.Rxd5 Rc8 31.Rd2 Rc4 32.f3 Bh6 33.Re2 Nd8 34.f4 Bg7 35.fxe5 Bxe5 36.
Bxe5+ dxe5 37.Nf3 Nc6 38.Kf2 h6 39.Nd2 Rc3 40.Re3 Rc2 41.Rd3 Nd4 42.Kg2 b6 43.
Kh3 Kg7 44.Kg4 h5+ 45.Kh3 g5 46.Nf3 g4+ 0-1

[Event "Veteranos Aragón 2015"]
[Site ""]
[Date "2015.05.23"]
[Round "6.6"]
[White "Sarto Ramos Angel"]
[Black "Lluciá Marcos Luis"]
[Result "1/2-1/2"]
[WhiteElo "1967"]
[BlackElo "1637"]

1.d4 d5 2.Nf3 Nf6 3.Bf4 Bf5 4.Nbd2 e6 5.Nh4 Bd6 6.Bxd6 Qxd6 7.Nxf5 exf5 8.c4
O-O 9.c5 Qd7 10.g3 Nc6 11.Nf3 Rfe8 12.Bg2 Ne4 13.h4 Re6 14.Ng5 Rh6 15.Nxe4
fxe4 16.e3 Ne7 17.g4 f5 18.g5 Ra6 19.Bf1 Rg6 20.Be2 Rf8 21.Qd2 Nc6 22.O-O-O b6
23.Kb1 a5 24.Rc1 Rb8 25.Bb5 Qc8 26.cxb6 cxb6 27.Rc3 Qb7 28.Rhc1 Na7 29.Rc7 Qa8
30.Bd7 Rd6 31.Qe2 b5 32.Bxf5 Rc6 33.R7xc6 Nxc6 34.Be6+ Kh8 35.Bxd5 Nxd4 36.Qg4
Qxd5 37.Rc8+ Rxc8 38.Qxc8+ Qg8 39.Qxg8+ Kxg8 40.exd4 Kf7 41.Kc2 Ke6 42.Kd2 Kd5
43.Ke3 g6 44.b3 b4 45.Ke2 Kxd4 46.Kd2 Kd5 47.Ke2 Ke5 1/2-1/2

[Event "Veteranos Aragón 2015"]
[Site ""]
[Date "2015.05.23"]
[Round "6.7"]
[White "Navarro Castan Jesús"]
[Black "Cortés Sobrevilla Cecilio"]
[Result "1-0"]
[WhiteElo "1862"]
[BlackElo "1678"]

1.e4 d6 2.d4 c6 3.Nc3 g6 4.Be3 Bg7 5.Qd2 Nd7 6.f4 e6 7.Nf3 Ngf6 8.Bd3 Ng4 9.
Bg1 Ngf6 10.h3 h5 11.O-O-O b5 12.f5 gxf5 13.exf5 Nd5 14.Nxd5 exd5 15.Re1+ Kf8
16.Be3 Nb6 17.Bg5 f6 18.Bf4 Qc7 19.Qb4 Bh6 20.Bxh6+ Rxh6 21.Qd2 Rh7 22.g4 Bd7
23.Qf4 Re8 24.g5 Nc4 25.gxf6 Bc8 1-0

[Event "Veteranos Aragón 2015"]
[Site ""]
[Date "2015.05.23"]
[Round "6.8"]
[White "Edeso Perez Francisco"]
[Black "Arteaga Jimenez Francisco"]
[Result "0-1"]
[WhiteElo "1785"]
[BlackElo "1572"]

1.d4 Nf6 2.Nf3 d6 3.Bg5 Nbd7 4.c4 g6 5.Nc3 Bg7 6.e4 e5 7.d5 O-O 8.Qc1 Re8 9.
Bd3 c6 10.b4 cxd5 11.Nxd5 b6 12.O-O Bb7 13.Nc3 Ba6 14.Rd1 Qc7 15.a4 Rac8 16.b5
Bb7 17.Nd5 Bxd5 18.cxd5 Nc5 19.Qe3 Nxd3 20.Rxd3 Nd7 21.Qe1 Nc5 22.Rc3 Qd7 23.
Rca3 Rc7 24.Qb4 f5 25.exf5 gxf5 26.Bd2 Qf7 27.Qc4 h6 28.Rd1 Rec8 29.Qa2 e4 30.
Ne1 f4 31.a5 Qh5 32.Qb1 Be5 33.Rh3 Qg6 34.Nf3 Rg7 35.Ne1 Nd3 0-1

[Event "Veteranos Aragón 2015"]
[Site ""]
[Date "2015.05.23"]
[Round "6.9"]
[White "Garcia Artal Obdulio"]
[Black "Pellicer Sancho Rafael José"]
[Result "1-0"]
[WhiteElo "1599"]
[BlackElo "1754"]

1.d4 Nf6 2.Bf4 c5 3.dxc5 Na6 4.e3 Nxc5 5.Nd2 g6 6.Be2 Bg7 7.c3 O-O 8.h3 d6 9.
Ngf3 a6 10.O-O b5 11.Rc1 Be6 12.b3 Nd5 13.Nd4 Nxf4 14.exf4 Bd7 15.N2f3 Rc8 16.
c4 b4 17.Nc2 a5 18.Ne3 Ne4 19.Bd3 Bc6 20.Bxe4 Bxe4 21.Qe2 Qd7 22.Rfd1 Qc6 23.
Nd5 Bxd5 24.Rxd5 Qc7 25.Rcd1 Rfe8 26.Qd3 Qa7 27.f5 a4 28.fxg6 hxg6 29.Rb5 Rb8
30.Qd5 Bf6 31.Ra5 Qb7 32.Rxa4 Qxd5 33.Rxd5 Bc3 34.Kf1 Ra8 35.Rda5 Rac8 36.Ke2
e6 37.Kd3 Red8 38.a3 Rb8 39.Nd4 Rb6 40.axb4 Be1 41.f3 Rc8 42.Ra8 Rxa8 43.Rxa8+
Kg7 44.b5 e5 45.Ra6 Rb7 46.Nc2 Bg3 47.Ke4 f5+ 48.Kd5 e4 49.fxe4 fxe4 50.Kc6
Rf7 51.b6 Rf2 52.b7 d5 53.Nd4 dxc4 54.bxc4 Rd2 55.Ne6+ Kh6 56.Nc7 Rd6+ 57.Kb5
Rd8 58.Ne6 Re8 59.Nd4 e3 60.Nf5+ 1-0

[Event "Veteranos Aragón 2015"]
[Site ""]
[Date "2015.05.23"]
[Round "6.10"]
[White "Requena Briones Rafael"]
[Black "Yañez Acin Gonzalo"]
[Result "0-1"]
[WhiteElo "1666"]
[BlackElo "1737"]

1.e4 Nf6 2.e5 Nd5 3.Bc4 Nb6 4.Bb3 e6 5.Nf3 d5 6.d4 c5 7.c3 Be7 8.O-O O-O 9.
dxc5 Bxc5 10.Bg5 Be7 11.Bxe7 Qxe7 12.Qd3 N6d7 13.Bc2 g6 14.Nbd2 b6 15.Rfe1 Nc6
16.h4 Kg7 17.Nb3 Bb7 18.Nbd4 Rac8 19.Rad1 Nxd4 20.Qxd4 Rc4 21.Qe3 Rfc8 22.g3
a6 23.Nd4 b5 24.f4 Rg8 25.b3 Rc7 26.b4 Kh8 27.Kf2 Rgc8 28.Ne2 Ba8 29.Qd3 h5
30.Bb3 Nb6 31.Qd4 Rc6 32.Rc1 Qb7 33.Ng1 Nc4 34.Nf3 Qb6 35.Red1 Kg7 36.Ke2 Kf8
37.Qd3 Nb2 38.Qd2 Nxd1 39.Kxd1 Qc7 40.f5 Rxc3 41.Qh6+ Ke8 42.Qh8+ Ke7 43.Qf6+
Ke8 44.Qh8+ Ke7 45.Qf6+ Ke8 46.Rxc3 Qxc3 47.Qh8+ Kd7 48.fxe6+ fxe6 49.Qg7+ Kc6
50.Qf7 Kb6 51.Qxe6+ Ka7 52.Qd7+ Rc7 53.Qd6 Qxf3+ 54.Kd2 0-1

[Event "Veteranos Aragón 2015"]
[Site ""]
[Date "2015.05.23"]
[Round "6.11"]
[White "Gimeno Royo José Andrés"]
[Black "Navarro Rubio Rafael"]
[Result "1-0"]
[WhiteElo "1714"]
[BlackElo "1633"]

1.d4 d5 2.Nf3 Nf6 3.Bf4 e6 4.e3 Bd6 5.Ne5 Bxe5 6.dxe5 Nfd7 7.Nd2 O-O 8.Bd3 Nc5
9.Qg4 Nxd3+ 10.cxd3 f5 11.Qg3 c5 12.O-O Nc6 13.Nf3 Qe8 14.Rfc1 b6 15.d4 c4 16.
h4 Qg6 17.Qxg6 hxg6 18.b3 b5 19.a4 Na5 20.Nd2 cxb3 21.Rcb1 b2 22.Rxb2 Nc4 23.
Rc2 Bd7 24.axb5 Bxb5 25.Nb3 a5 26.Nc5 Kf7 27.Rca2 Rfb8 28.f3 Be8 29.e4 Rb2 30.
exd5 exd5 31.Rxb2 Nxb2 32.Rb1 Nc4 33.Rb7+ Kg8 34.Ne6 Bf7 35.Nc7 Rc8 36.e6 Be8
37.Nxd5 Ra8 38.Nc7 Rc8 39.d5 Rd8 40.Bg5 Rc8 41.Nxe8 Rxe8 42.Be7 a4 43.d6 Nxd6
44.Bxd6 Rxe6 45.Ba3 Re3 46.Bb2 a3 47.Bxg7 a2 48.Ra7 Re2 49.Kf1 Rc2 50.Be5 Kf8
51.Kg1 Kg8 52.Kh2 Re2 53.f4 Kf8 54.Kg3 Rc2 55.Kf3 Rd2 56.Ra3 Kf7 57.Ra6 Rc2
58.Rf6+ 1-0

[Event "Veteranos Aragón 2015"]
[Site ""]
[Date "2015.05.23"]
[Round "6.12"]
[White "Samper Alarcon Julio Alfredo"]
[Black "Ubeda Gimeno Angel"]
[Result "1-0"]
[WhiteElo "1620"]
[BlackElo "1512"]

1.e4 c5 2.Nf3 d6 3.d4 cxd4 4.Nxd4 Nf6 5.Nc3 a6 6.f3 e5 7.Nb3 Be6 8.Be3 Be7 9.
Nd5 Nxd5 10.exd5 Bf5 11.Bd3 Bxd3 12.Qxd3 Nd7 13.O-O Bg5 14.f4 exf4 15.Bxf4
Bxf4 16.Rxf4 O-O 17.Raf1 Nf6 18.c4 b5 19.Kh1 Qb6 20.Nd2 Rae8 21.R4f3 Ng4 22.
Qc3 Re3 23.Rxe3 Qxe3 24.Qxe3 Nxe3 25.Rf4 Re8 26.h3 bxc4 27.Nxc4 Nxd5 28.Rd4
Nf6 29.Rxd6 h6 30.Rxa6 Re1+ 31.Kh2 Ne4 32.Nd6 Ng5 33.b4 Re2 34.Ra3 f6 35.b5
Ne4 36.Nxe4 Rxe4 37.Rb3 Ra4 38.a3 Ra8 39.b6 Kf7 40.b7 Rb8 41.Kg3 Ke7 42.Kf4 g6
43.g4 Kd7 44.h4 Kc7 45.h5 1-0

[Event "Veteranos Aragón 2015"]
[Site ""]
[Date "2015.05.23"]
[Round "6.14"]
[White "Lera Perez José Carlos"]
[Black "Lopez Carcas Jesús"]
[Result "0-1"]
[WhiteElo "1624"]
[BlackElo "1430"]

1.d4 d6 2.c4 g6 3.Nc3 Bg7 4.e4 c6 5.Be3 Nf6 6.Qd2 O-O 7.Bh6 Nbd7 8.Bxg7 Kxg7
9.Nf3 Qc7 10.Be2 e5 11.d5 Nc5 12.Qc2 a5 13.O-O Ne8 14.Na4 Nxa4 15.Qxa4 f5 16.
Bd3 fxe4 17.Bxe4 Nf6 18.Nd2 cxd5 19.Bxd5 Nxd5 20.cxd5 Rf4 21.Ne4 Bf5 22.f3 Rf8
23.Rac1 Qb6+ 24.Kh1 Bxe4 25.Qd7+ R8f7 26.Qc8 Bxd5 27.b3 e4 28.Rcd1 exf3 0-1

[Event "Veteranos Aragón 2015"]
[Site ""]
[Date "2015.05.23"]
[Round "6.15"]
[White "Perez Sirera José Maria"]
[Black "Sanz Navarro Alberto"]
[Result "0-1"]
[WhiteElo "1563"]
[BlackElo "1576"]

1.d4 d5 2.Nf3 Nf6 3.e3 c5 4.Bd3 c4 5.Be2 Nc6 6.b3 b5 7.O-O h5 8.a3 Bf5 9.Nc3
a6 10.Bb2 h4 11.h3 Qd7 12.Ne5 Nxe5 13.dxe5 Ne4 14.Nxe4 Bxe4 15.Bf3 f5 16.exf6
gxf6 17.Bxe4 dxe4 18.Qxd7+ Kxd7 19.Rfd1+ Ke6 20.bxc4 Rh5 21.cxb5 Rxb5 22.Rab1
Rab8 23.c4 Rxb2 24.Rbc1 Kf5 25.Rd5+ e5 26.Ra5 Rb1 27.Rxb1 Rxb1+ 28.Kh2 Rc1 29.
Rxa6 Rxc4 30.a4 Bb4 31.g4+ Kg5 32.Ra8 Be1 33.Kg2 Rc2 34.Kf1 Bxf2 35.a5 Bxe3
36.Rg8+ Kf4 0-1

[Event "Veteranos Aragón 2015"]
[Site ""]
[Date "2015.05.23"]
[Round "6.16"]
[White "Patap Ivan"]
[Black "Latorre Bueno Francisco"]
[Result "0-1"]
[WhiteElo "1500"]
[BlackElo "1548"]

1.d4 d5 2.c4 e6 3.e3 Nf6 4.c5 c6 5.b4 Nbd7 6.a4 e5 7.a5 Qc7 8.Bb2 Nb8 9.h3
Nfd7 10.Nf3 e4 11.Nh2 Be7 12.Nc3 O-O 13.Ng4 f5 14.Nh2 f4 15.Qb3 fxe3 16.Nxe4
exf2+ 17.Nxf2 Qf4 18.Qf3 Bh4 19.Qxf4 Rxf4 20.Nf3 Re4+ 21.Be2 Nf6 22.Nxh4 Rxh4
23.O-O Ne4 24.Nxe4 Rxe4 25.Bf3 Re8 26.Rae1 Bd7 27.Bc1 Na6 28.Bd2 Rxe1 29.Rxe1
Re8 30.Rxe8+ Bxe8 31.Kf2 Bd7 32.Ke3 Nc7 33.Kd3 a6 34.Bf4 Nb5 35.Be3 Kf7 36.Bg4
Bxg4 37.hxg4 Kg6 38.g3 Na3 39.Bf4 h5 40.gxh5+ Kxh5 41.Bc1 Nb5 42.Bf4 Kg4 43.
Be5 g6 44.Ke3 Na3 45.Kd3 Kf5 46.Bc7 Kg4 47.Be5 Kf3 48.Bc7 Nc4 49.Bf4 Kg4 50.
Bc7 g5 51.Bb8 Kf3 52.Bc7 Ne3 53.Bd8 g4 54.Kd2 Nf1+ 55.Ke1 Nxg3 56.Bh4 Ne4 57.
Kf1 g3 58.Kg1 Nf2 59.Kf1 Nd3 60.Bg5 Nxb4 61.Bd2 Nc2 62.Bc3 Ne3+ 63.Kg1 Nd1 64.
Be1 Nf2 0-1

[Event "Veteranos Aragón 2015"]
[Site ""]
[Date "2015.05.23"]
[Round "6.17"]
[White "Lasierra Arceiz Javier"]
[Black "Ferruz Martinez Rafael"]
[Result "0-1"]
[WhiteElo "1524"]
[BlackElo "1323"]

1.e4 e5 2.Nf3 Nc6 3.Bb5 a6 4.Bxc6 dxc6 5.h3 Nf6 6.d3 Be7 7.Nxe5 Be6 8.O-O Bd6
9.Nf3 Nd7 10.Bg5 f6 11.Bh4 g5 12.Bg3 Qe7 13.Nh2 O-O-O 14.Nd2 h5 15.Qe2 h4 16.
Bxd6 cxd6 17.Ng4 Ne5 18.f3 Ng6 19.Qf2 f5 20.exf5 Bxf5 21.Ne3 Be6 22.Rfe1 Rdf8
23.Ndc4 Qc7 24.Qd2 Bxh3 25.gxh3 d5 26.Qg2 Nf4 27.Qg4+ Kb8 28.Nd2 Qb6 29.b3 Re8
30.Kf2 Qb4 31.Nef1 Qd4+ 32.Ne3 Rxe3 33.Rxe3 Qxa1 34.Qxg5 Nxh3+ 0-1

[Event "Veteranos Aragón 2015"]
[Site ""]
[Date "2015.05.23"]
[Round "6.18"]
[White "Lapuente Mercadal José Manuel"]
[Black "Cervera Soler Ramón"]
[Result "0-1"]
[WhiteElo "1543"]
[BlackElo "1498"]

1.e4 e6 2.Bb5 c6 3.Ba4 d5 4.e5 Qa5 5.Bb3 d4 6.Nf3 Nd7 7.O-O Nxe5 8.Nxd4 Bd6 9.
c3 Nf6 10.d3 O-O 11.Bg5 Ned7 12.Nxe6 fxe6 13.Bxe6+ Kh8 14.Be3 Bxh2+ 15.Kh1 Bd6
16.Bh3 Ne5 17.Bxc8 Raxc8 18.d4 Neg4 19.g3 Qh5+ 20.Kg2 Qh2+ 21.Kf3 Qh5 22.Ke2
Nxe3+ 23.Kxe3 Rce8+ 24.Kd2 Ne4+ 25.Kc2 Qxd1+ 26.Rxd1 Rxf2+ 27.Kb3 Nxg3 28.Nd2
b5 29.a4 bxa4+ 30.Rxa4 Rb8+ 31.Kc4 Nf5 32.Rxa7 Ne3+ 33.Kd3 Nxd1 34.Ne4 Nxb2+
35.Ke3 Rf6 36.Nxf6 gxf6 37.Ra6 c5 38.Rxd6 Nc4+ 0-1

[Event "Veteranos Aragón 2015"]
[Site ""]
[Date "2015.05.23"]
[Round "6.19"]
[White "Miranda Cuartero Juan Carlos"]
[Black "Otal Bornau José Miguel"]
[Result "0-1"]
[WhiteElo "1653"]
[BlackElo "1552"]

1.e4 c5 2.Nf3 d6 3.c3 Nf6 4.d3 a6 5.h3 e5 6.Bg5 Be7 7.Nbd2 Be6 8.Be2 Nbd7 9.
Nh2 d5 10.Ng4 dxe4 11.Nxf6+ Nxf6 12.Bxf6 Bxf6 13.Nxe4 Be7 14.O-O O-O 15.Qc2 f5
16.Nd2 Rf6 17.Rae1 Bd6 18.Nc4 Bc7 19.Bf3 Bxc4 20.dxc4 e4 21.Rd1 Qe7 22.Be2 Qe5
23.f4 exf3 24.Bxf3 Qh2+ 25.Kf2 Bg3+ 26.Ke2 Re8+ 27.Kd3 Bf4 28.Bd5+ Kh8 29.Rde1
Rxe1 30.Qa4 Re3+ 31.Kc2 Qxg2+ 32.Bxg2 Re2+ 33.Kb3 Rb6+ 34.Ka3 Rbxb2 35.Qb3
Rxb3+ 36.Kxb3 Rxg2 37.Rxf4 g6 38.Rf3 Rd2 39.a4 Kg7 40.Re3 Rd7 41.a5 h6 42.Re5
f4 43.Kc2 f3 44.Re1 f2 45.Rf1 Rf7 46.Kd2 h5 47.h4 g5 48.hxg5 Kg6 49.Ke2 Kxg5
50.Ke3 h4 51.Ke2 h3 52.Rh1 f1=Q+ 53.Rxf1 Rxf1 54.Kxf1 Kg4 55.Kf2 h2 56.Kg2
h1=Q+ 57.Kxh1 Kf3 0-1